| 000 | 00669nam a22001937a 4500 | ||
|---|---|---|---|
| 003 | OSt | ||
| 005 | 20221102185445.0 | ||
| 008 | 150522b xxu||||| |||| 00| 0 eng d | ||
| 040 | _cBiblioteca Lado V | ||
| 082 |
_a750 _bP949p |
||
| 100 |
_aPrieto,Susana _92733 |
||
| 130 |
_aPremios Novartis en el Museo Nacional de Bellas Artes _lesp |
||
| 245 | _aPremios Novartis en el Museo Nacional de Bellas Artes/ | ||
| 260 |
_aArgentina _bMuseo Nacional de Bellas Artes _c1997 |
||
| 300 |
_a140p. _c24x30cm |
||
| 650 |
_xPREMIOS _xARTE _xBELLAS ARTES _92734 _2Tesauro de Arte & Arquitectura |
||
| 710 |
_aJoan Duran _92735 |
||
| 942 |
_2ddc _c1 _h750 _iP949p _n0 |
||
| 999 |
_c2473 _d2473 |
||